书目信息 |
| 题名: |
高等学校英语专业基础阶段英语教学大纲
|
|
| 作者: | 高等学校英语专业基础阶段英语教学大纲制订组 编 | |
| 分册: | ||
| 出版信息: | 上海 上海外语教育出版社 1989.06 |
|
| 页数: | 391页 | |
| 开本: | 24cm | |
| 丛书名: | ||
| 单 册: | ||
| 中图分类: | H319.2 | |
| 科图分类: | ||
| 主题词: | 英语 | |
| 电子资源: | ||
| ISBN: | 7-81009-122-0 | |
| 000 | 00855nam0 2200181 450 | |
| 001 | 202410163911057327 | |
| 005 | 20241112145632.19 | |
| 010 | @a7-81009-122-0@dCNY10.40 | |
| 100 | @a20241016d km y0chiy0120 ea | |
| 101 | 0 | @achi |
| 200 | 1 | @a高等学校英语专业基础阶段英语教学大纲@AGao Deng Xue Xiao Ying Yu Zhuan Ye Ji Chu Jie Duan Ying Yu Jiao Xue Da Gang@f高等学校英语专业基础阶段英语教学大纲制订组编@FGao Deng Xue Xiao Ying Yu Zhuan Ye Ji Chu Jie Duan Ying Yu Jiao Xue Da Gang Zhi Ding Zu Bian |
| 210 | @a上海@c上海外语教育出版社@d1989.06 | |
| 215 | @a391页@d24cm | |
| 606 | 0 | @a英语 |
| 690 | @aH319.2@v4 | |
| 701 | 0 | @a高等学校英语专业基础阶段英语教学大纲制订组@AGao Deng Xue Xiao Ying Yu Zhuan Ye Ji Chu Jie Duan Ying Yu Jiao Xue Da Gang Zhi Ding Zu@4编 |
| 801 | 0 | @aCN@b大连网信软件有限公司图书馆·11@c20241112 |
| 905 | @aZUCC@b1055835@dH319.2@e1462@f1 | |
| 高等学校英语专业基础阶段英语教学大纲/高等学校英语专业基础阶段英语教学大纲制订组编.-上海:上海外语教育出版社,1989.06 |
| 391页;24cm |
| ISBN 7-81009-122-0:CNY10.40 |
| ● |
| 相关链接 |
|
|
|
|
正题名:高等学校英语专业基础阶段英语教学大纲
索取号:H319.2/1462
 
预约/预借
| 序号 | 登录号 | 条形码 | 馆藏地/架位号 | 状态 | 备注 |
| 1 | 1055835 | 210558357 | 密集书库—外国语学院/ [索取号:H319.2/1462] | 在馆 |